Hearing in children (Registro nro. 89845)

Detalles MARC
000 -ENCABEZADO
Número de control [NR] 00978nam a22002657a 4500
008 - DE LONGITUD FIJA DE DATOS DE ELEMENTOS - INFORMACIÓN GENERAL
Elementos de longitud fija [NR] 130821s2002 xxua gr eng
020 ## - NUMERO INTERNACIONAL NORMALIZADO PARA LIBROS [R]
Número Internacional Normalizado del libro [NR] 0683307649
040 ## - FUENTE DE CATALOGACION [NR]
Agencia de catalogación original [NR] Co-BoUCM
Idioma de catalogación [NR] spa
041 00 - CODIGO DE IDIOMA [R]
Código de idioma para texto/pista de sonido o título separado [R] Inglés
060 ## - SIGNATURA TOPOGRAFICA DE LA BIBLIOTECA NACIONAL DE MEDICINA (NLM) [R]
Número clasificador [R] WV 270 N874h 5a. Ed.
100 1# - ASIENTO PRINCIPAL--NOMBRE PERSONAL [NR]
Nombre personal [NR] Northern, Jerry L.
ID Autoridad 171362
245 10 - MENCION DE TITULO [NR]
Título [NR] Hearing in children
Mención de responsabilidad, etc. [NR] Jerry L. Northern, Marion P. Downs
250 ## - MENCION DE EDICION [NR]
Mención de edición [NR] 5a. Ed.
260 ## - PUBLICACION, DISTRIBUCION, ETC. (PIE DE IMPRENTA) [R]
Lugar de publicación, distribución, etc. [R] Filadelfia (Pensilvania, Estados Unidos)
Nombre del editor, distribuidor, etc. [R] Lippincott Williams & Wilkins
Fecha de publicación, distribución, etc. [R] c2002
300 ## - DESCRIPCION FISICA [R]
Extensión [R] xiv, 452 páginas
Otros detalles físicos [NR] ilustraciones
504 ## - NOTA DE BIBLIOGRAFIA, ETC. [R]
Nota de bibliografía, etc. [NR]
650 04 - ASIENTO SECUNDARIO DE MATERIA - TERMINO TEMATICO [R]
Término temático o nombre geográfico como elemento de entrada [NR] Audición
9 (RLIN) 9735
650 04 - ASIENTO SECUNDARIO DE MATERIA - TERMINO TEMATICO [R]
Término temático o nombre geográfico como elemento de entrada [NR] Audición
Subdivisión general [R] Enfermedades
9 (RLIN) 9735
650 04 - ASIENTO SECUNDARIO DE MATERIA - TERMINO TEMATICO [R]
Término temático o nombre geográfico como elemento de entrada [NR] Otorrinolaringología
9 (RLIN) 20948
650 04 - ASIENTO SECUNDARIO DE MATERIA - TERMINO TEMATICO [R]
Término temático o nombre geográfico como elemento de entrada [NR] Pediatría
9 (RLIN) 21221
650 04 - ASIENTO SECUNDARIO DE MATERIA - TERMINO TEMATICO [R]
Término temático o nombre geográfico como elemento de entrada [NR] Trastornos de la audición en niños
9 (RLIN) 25751
700 1# - ASIENTO SECUNDARIO - NOMBRE PERSONAL [R]
Nombre personal [NR] Downs, Marion P.
9 (RLIN) 171363
856 42 - LOCALIZACION Y ACCESO ELECTRONICOS [R]
Especificación de los materiales [NR] Publicador
Identificador Uniforme del Recurso (“URI”) [R] <a href="http://www.loc.gov/catdir/enhancements/fy0711/2001038193-d.html">http://www.loc.gov/catdir/enhancements/fy0711/2001038193-d.html</a>
942 ## - ELEMENTOS DE ENTRADA AGREGADOS (KOHA)
Tipo de ítem principal el descrito en 300a Libro
Tema principal Medicina
Edición 5
Parte restante de la signatura top. N874h
Sistema de clasificación NLM
Clasificación WV 270
Título oculto en OPAC No
Existencias
Fecha de último préstamo Total préstamos Total Renewals Signatura topográfica Código de barras Última vez visto Volúmen / Fascículo Ejemplar Price effective from Tipo de ítem Perdido Sistema de clasificación Dañado No prestable Tipo de ítem específico Suprimido Ubicación habitual Ubicación actual Localización Fecha de creación Forma de adquisición Costo
03/09/2024 68 23 WV 270 N874h 200016204 12/12/2025 5a. Ed. Ej.1 03/02/2013 Libro   NLM     Libro   Quinta de Mutis Quinta de Mutis 2do piso 28/02/2013 Compra 125000.00